Primary records of achievement : a teacher guide to reviewing,recording and reporting

Αποθηκεύτηκε σε:
Λεπτομέρειες βιβλιογραφικής εγγραφής
Κύριος συγγραφέας: Johnson, Gillian
Άλλοι συγγραφείς: Hill, Barry, Tunstall, Pat
Μορφή: Βιβλίο
Γλώσσα:English
Δημοσίευση: London : Hodder & Stoughton, 1992
Θέματα:
Ετικέτες: Προσθήκη ετικέτας
Δεν υπάρχουν, Καταχωρήστε ετικέτα πρώτοι!

MARC

LEADER 00000nam a2200000 i 4500
001 1/90968
008 991008s1992 eng d
020 |a 0-340-57329-5 
035 |l 10053357 
040 |a GR-MY-UA  |b gre  |e aacr 
041 0 |a eng 
082 0 |a 371.26 
100 1 |a Johnson, Gillian. 
245 1 0 |a Primary records of achievement :  |b a teacher guide to reviewing,recording and reporting /  |c Gillian Johnson,Barry Hill,Pat Tunstall 
260 |a London :   |b Hodder & Stoughton,   |c 1992 
300 |a 80 p 
650 0 0 |a Education, Primary  |z Great Britain  |x Evaluation. 
650 0 0 |a Elementary school teaching  |z Great Britain. 
650 0 0 |a School reports  |z Great Britain. 
650 0 0 |a Educational tests and measurements. 
650 0 0 |a Students  |x Rating of. 
650 0 0 |a Grading and marking (Students) 
650 0 0 |a Ability  |x Testing. 
650 0 0 |a Educational evaluation. 
700 1 |a Hill, Barry. 
700 1 |a Tunstall, Pat. 
852 |a INST  |b RHODES  |e 19991008  |h 371.26 JOH  |p 005400014373  |q 005400014373  |t BK  |y 0 
901 |a BIBL4-1999-3 
909 |a Ρ  |b 068186 
922 |a 4ΕΛΗ  |b 199908  |c ΚΠΣ/154  |d GLORY BOOKS 
970 |z 1999/10/08  |a ΤΕΡΝΕΖΗΣ  |b ΧΡΗΣΤΟΣ